000 00853nas a2200301 4500
001 BR0601115
003 BR-BrBNA
005 20231205105902.0
007 ta
008 230509b bl.|||p| |||| 00| 00por d
040 _aBR-BrBNA
_bpor
_cBiblioteca Nacional de Agricultura
041 _a(Pt)
072 _aQ03
100 1 _aCosta, T.P.
100 1 _aGermano, P.M.L.
100 1 _aGermano, M.I.S.
245 1 _aSegurança alimentar e a cerveja: o perigo das micotoxinas
650 _aCERVEJA
650 _aBEBIDA ALCOÓLICA
650 _aANÁLISE MICROBIOLÓGICA
650 _aMICOTOXINA
650 _aFUNGO
650 _aAFLATOXINA
650 _aSÃO PAULO
773 0 _tHigiene Alimentar (Brazil)
_xISSN 0101-9171
_g(Nov-Dec 2005), v. 19(137) p. 39-46
_wBR0601115
909 _a202311
_bLúcia
_c55
_dLúcia Elande
942 _2AGRIS
_n0
_cANA
999 _c185182
_d185182